| 000 | 00908nam a2200217 i 4500 | ||
|---|---|---|---|
| 001 | 88012 | ||
| 003 | ES-MaACL | ||
| 005 | 20230906175802.0 | ||
| 007 | t| | ||
| 008 | 041230s1948 sp a |||| | spa d | ||
| 100 | 1 |
_aLaffón Soto, Alberto. _969487 |
|
| 245 | 1 | 0 |
_aRadio estructuras _b: cálculo de estructuras eléctricas aplicando la teoría de los determinantes / _cpor Alberto Laffón y Soto ; con la colaboración de Luis Giménez Cacho. |
| 260 |
_aMadrid : _b[s.n.], _c1948 ( _fImp. J. Pueyo) |
||
| 300 |
_a1 v. : _bil. ; _c25 cm. |
||
| 594 | _aPrecede al tít.: Consejo Superior de Investigaciones Científicas. Laboratorio de Electroanística "Laffon-Selgas" | ||
| 650 | 0 | 4 |
_aLíneas eléctricas. _914461 |
| 650 | 4 |
_aDeterminantes. _9135916 |
|
| 700 | 1 |
_aGiménez Cacho, Luis. _957039 |
|
| 710 | 2 |
_aConsejo Superior de Investigaciones Científicas (España) _93236 |
|
| 852 |
_aES-MaACL _j1899-F-18 |
||
| 999 |
_c88012 _d88012 |
||